Družstvá v období globálnej krízy

Súčasný stav družstevníctva vo svete. Úlohy Medzinárodného družstevného zväzu. Najúspešnejšie družstvá - členenie podľa krajín. Najúspešnejšie družstvá podľa predmetu činnosti. Vplyv hospodárskej krízy na činnosť družstiev v Európe. Vplyv hospodárskej krízy na činnosť družstiev mimo Európy. Činitele...

Ausführliche Beschreibung

Gespeichert in:
Bibliographische Detailangaben
1. Verfasser: Šúbertová, Elena
Weitere Verfasser: Gajdová, Denisa, 1977-
Format: Buchkapitel
Sprache:Slowakisch
Schlagworte:
Tags: Tag hinzufügen
Keine Tags, Fügen Sie das erste Tag hinzu!

MARC

LEADER 00000nla$a2200000$$$4500
001 0120719
005 20240521122157.8
041 0 |a slo 
044 |a CZ 
245 1 0 |a Družstvá v období globálnej krízy  |c Elena Šúbertová, Denisa Gajdová 
520 |a Súčasný stav družstevníctva vo svete. Úlohy Medzinárodného družstevného zväzu. Najúspešnejšie družstvá - členenie podľa krajín. Najúspešnejšie družstvá podľa predmetu činnosti. Vplyv hospodárskej krízy na činnosť družstiev v Európe. Vplyv hospodárskej krízy na činnosť družstiev mimo Európy. Činitele vplývajúce na možnosť stability družstiev počas krízy vo všetkých regiónoch. 
610 2 0 |a družstvá 
610 2 0 |a sektor družstevný 
610 2 0 |a poľnohospodárstvo 
610 2 0 |a bankovníctvo 
610 2 0 |a poisťovníctvo 
610 2 0 |a obchod 
610 2 0 |a potravinárstvo 
610 2 0 |a kríza finančná 
610 2 0 |a kríza hospodárska 
610 2 0 |a Európa 
610 2 0 |a svet 
100 1 |a Šúbertová, Elena 
700 1 |a Gajdová, Denisa, 1977-